000
00310nam a22001457a 4500
008
210303b ||||| |||| 00| 0 eng d
020
_a
9781589480216
041
_a
eng
080
_a
91
082
_a
91
100
_a
42
101
_a
GJEO
245
_a
Designing Geodatabases
_c
Arctur, D
942
_2
udc
_c
BK
999
_c
55597
_d
55597